| 000 | 00498cam a2200205ua 4500 | ||
|---|---|---|---|
| 041 |
_aeng _h |
||
| 082 |
_a629.2 _bSRI/AU |
||
| 100 | _aSrinivasan, S . | ||
| 245 |
_aAutomotive mechanics / _cS.Srinivasan. _hTextual Documents |
||
| 250 |
_a1 / _b. |
||
| 260 |
_a : _bTata Mc-Graw Hill Publishing Company , _c1985. |
||
| 300 | _a235 ; . | ||
| 504 | _a | ||
| 942 | _cBK | ||
| 999 |
_c2473 _d2473 |
||